| 000 | 00749cam a2200253 a 4500 | ||
|---|---|---|---|
| 003 | MX-MxUPN | ||
| 005 | 20240524063646.0 | ||
| 008 | 191025s2007 mx a ar 000 0 spa d | ||
| 020 | _a9789707851269 | ||
| 035 | _aUPN01000233740 | ||
| 040 |
_aMX-MxUPN _bspa |
||
| 050 | 4 |
_aPZ74.9 _bM343 2007 |
|
| 100 | 1 |
_aMagallanes, Alejandro, _934562 _d1971- |
|
| 245 | 1 | 0 | _aYo veo |
| 260 |
_aMéxico, D.F. : _bSM, _c2007. |
||
| 300 |
_a[34] páginas : _bilustraciones a color |
||
| 490 | _aColección mira otra vez | ||
| 650 | 7 |
_921365 _aLibros ilustrados para niños |
|
| 650 | 4 |
_aImaginación en niños _912146 |
|
| 650 | 4 |
_952021 _aVista _vLiteratura infantil |
|
| 902 | _bVíctorGodínez/230524 | ||
| 942 |
_2lcc _cLIBRO |
||
| 999 |
_c205835 _d205835 |
||